[Event "Moscow Petrosian Memorial op"]
[Site "Moscow"]
[Date "2015.01.09"]
[Round "6"]
[White "Tanrikulu, Tuna"]
[Black "Levkin, Lev"]
[Result "0-1"]
[WhiteElo "1349"]
[BlackElo "1559"]
[PlyCount "102"]
[EventDate "2015.01.04"]
[EventType "swiss"]
[EventRounds "9"]
[EventCountry "RUS"]
[SourceTitle "CBM 164 Extra"]
[Source "ChessBase"]
[SourceDate "2015.03.02"]
[SourceVersion "1"]
[SourceVersionDate "2015.03.02"]
[SourceQuality "1"]

1. e4 c5 2. c3 e6 3. Nf3 d5 4. exd5 exd5 5. d4 Nc6 6. Be2 Nf6 7. 0-0 Bd6 8. Be3 c4 9. Nbd2 Bf5 10. b4 b5 11. a4 a6 12. a5 Qc7 13. Re1 0-0-0 14. Nf1 h6 15. Ng3 Bxg3 16. fxg3 g5 17. Bf2 Ne4 18. Qc1 f6 19. Be3 h5 20. Nd2 Nxd2 21. Qxd2 h4 22. g4 Be4 23. Bf3 Bxf3 24. gxf3 Ne7 25. f4 Qd7 26. f5 Rhe8 27. Qf2 Kb7 28. Re2 Nc8 29. Rae1 Nd6 30. Qf1 Ne4 31. Bd2 Re7 32. Qg2 Rde8 33. Re3 Kc6 34. Kf1 Qd6 35. Kg1 Qc7 36. Kh1 Nxd2 37. Qxd2 Qf4 38. Rxe7 Rxe7 39. Qd1 Rxe1+ 40. Qxe1 Qf3+ 41. Kg1 Qxg4+ 42. Kh1 Qe4+ 43. Qxe4 dxe4 44. Kg2 g4 45. Kf2 Kd5 46. Kf1 e3 47. Ke2 Ke4 48. d5 Kxd5 49. Kxe3 Ke5 50. h3 gxh3 51. Kf2 Kxf5 0-1

[Event "Moscow Petrosian Memorial op"]
[Site "Moscow"]
[Date "2015.01.05"]
[Round "2"]
[White "Tanrikulu, Tuna"]
[Black "Afanasieva, Alexandra"]
[Result "0-1"]
[WhiteElo "1349"]
[BlackElo "1685"]
[PlyCount "68"]
[EventDate "2015.01.04"]
[EventType "swiss"]
[EventRounds "9"]
[EventCountry "RUS"]
[SourceTitle "CBM 164 Extra"]
[Source "ChessBase"]
[SourceDate "2015.03.02"]
[SourceVersion "1"]
[SourceVersionDate "2015.03.02"]
[SourceQuality "1"]

1. f4 d5 2. e3 c5 3. b3 Nf6 4. Bb2 e6 5. Nf3 Nc6 6. Nc3 Be7 7. Bd3 0-0 8. 0-0 a6 9. Ne2 b5 10. c4 dxc4 11. Bb1 cxb3 12. axb3 Bb7 13. Ng3 Nb4 14. Ne5 Nc6 15. Nh5 Nxe5 16. Bxe5 Nxh5 17. Qxh5 g6 18. Qg4 Bf6 19. d4 Bxe5 20. fxe5 cxd4 21. exd4 Rc8 22. Rf6 Rc1+ 23. Rf1 Rxf1+ 24. Kxf1 Qc7 25. Be4 Qc3 26. Rd1 Bxe4 27. Qxe4 Qxb3 28. Rc1 a5 29. Qc2 Qxc2 30. Rxc2 Rb8 31. Ke2 Kf8 32. Kd3 Ke8 33. Rc7 b4 34. Kc2 a4 0-1

[Event "Moscow Petrosian Memorial op"]
[Site "Moscow"]
[Date "2015.??.??"]
[Round "1"]
[White "Tarasov, Danila"]
[Black "Tanrikulu, Tuna"]
[Result "1-0"]
[WhiteElo "1846"]
[BlackElo "1349"]
[PlyCount "53"]
[EventDate "2015.01.04"]
[EventType "swiss"]
[EventRounds "9"]
[EventCountry "RUS"]
[SourceTitle "CBM 164 Extra"]
[Source "ChessBase"]
[SourceDate "2015.03.02"]
[SourceVersion "1"]
[SourceVersionDate "2015.03.02"]
[SourceQuality "1"]

1. e4 d6 2. d4 Nf6 3. Nc3 g6 4. Bg5 Bg7 5. e5 dxe5 6. dxe5 Qxd1+ 7. Rxd1 Nfd7 8. f4 c6 9. Nf3 f5 10. Nd4 Nb6 11. a4 a5 12. Be2 e6 13. 0-0 0-0 14. Be7 Re8 15. Bc5 N8d7 16. Bd6 Bf8 17. Nb3 Nd5 18. Nxd5 cxd5 19. c4 Nb6 20. cxd5 Nxd5 21. Bb5 Bxd6 22. Bxe8 Bc7 23. Rc1 Bb6+ 24. Kh1 Be3 25. Rcd1 Bxf4 26. Rxd5 exd5 27. Rxf4 1-0